Cartes du Monopoly ou pas ? (mort subite) - Statistiques

Statistiques générales
  • Ce quiz a été pris 142 fois
  • Le résultat moyen est 7 sur 22
Answers on the Grid
Answers color-coded by a green-red scale on the quiz's grid according to % correct below.
La vente de votre stock vous rapporte F 5.000
Recevez votre revenu annuel F 10.000
C'est votre fête, chaque joueur doit vous donner F 1.000
Vous héritez F 10.000
Payez votre police d'assurance s'élevant à F 5.000
Reculez de 10 cases
Payez pour frais de scolarité F 15.000
La banque vous verse un dividende de F .000
Payez à l'hôpital F 10.000
Retournez à Belleville
Allez en prison. Avancez tout droit en prison. Ne passez pas par la case "Départ". Ne recevez pas F 20.000
Faites des réparations dans toutes vos maisons. Versez pour chaque maison F 2.500. Versez pour chaque Hôtel F 10.000
Payez la note du médecin F 5.000
Erreur de la banque en votre faveur. Recevez F 20.000
Vous avez gagné le deuxième prix de mocheté. Recevez F 1.000
Payez une amende de F 1.000 ou bien tirez une carte "CHANCE"
Les contributions vous remboursent la somme de F 2.000
Placez vous sur la case "Départ"
Rendez-vous à la rue Tabaga
Vous avez gagné le prix de mots fléchés. Recevez F 10.000
Vous êtes libéré de prison. Cette carte peut être conservée jusqu'à ce qu'elle soit utilisée ou vendue.
Recevez votre intérêt sur l'emprunt à 7 % F 2.500
Allez à la gare de Lyon. Si vous passez par la case "Départ", recevez F 20.000
Avancez au Boulevard de la Villette. Si vous passez par la case "Départ", recevez F 20.000
Rendez-vous à l'Avenue Henri-Martin. Si vous passez par la case "Départ", recevez F 20.000
Votre immeuble et votre prêt rapportent. Vous devez toucher F 15.000
Amende pour ivresse : F 2.000
Amende pour excès de tire-fesses : F 1.500
 
Statistiques - réponses
Réponse % Correct
Allez en prison. Avancez tout droit en prison. Ne passez pas par la case "Départ". Ne recevez pas F 20.000
50%
Erreur de la banque en votre faveur. Recevez F 20.000
45%
Recevez votre revenu annuel F 10.000
44%
Vous êtes libéré de prison. Cette carte peut être conservée jusqu'à ce qu'elle soit utilisée ou vendue.
43%
Faites des réparations dans toutes vos maisons. Versez pour chaque maison F 2.500. Versez pour chaque Hôtel F 10.000
41%
La vente de votre stock vous rapporte F 5.000
41%
Placez vous sur la case "Départ"
36%
Allez à la gare de Lyon. Si vous passez par la case "Départ", recevez F 20.000
35%
Payez pour frais de scolarité F 15.000
34%
Rendez-vous à l'Avenue Henri-Martin. Si vous passez par la case "Départ", recevez F 20.000
34%
Vous héritez F 10.000
34%
La banque vous verse un dividende de F .000
33%
Payez une amende de F 1.000 ou bien tirez une carte "CHANCE"
32%
Avancez au Boulevard de la Villette. Si vous passez par la case "Départ", recevez F 20.000
31%
Retournez à Belleville
30%
Payez la note du médecin F 5.000
27%
Payez à l'hôpital F 10.000
25%
Les contributions vous remboursent la somme de F 2.000
22%
Votre immeuble et votre prêt rapportent. Vous devez toucher F 15.000
22%
Payez votre police d'assurance s'élevant à F 5.000
21%
Amende pour ivresse : F 2.000
15%
Recevez votre intérêt sur l'emprunt à 7 % F 2.500
10%
Aucun quiz correspondant
Distribution des résultats
% des personnes avec chaque résultat
Percentile par nombre de réponses
Votre historique - résultats
Vous n’avez pas pris ce quiz